LEADER 05124nam 22006974a 450 001 9910458598803321 005 20210519000014.0 010 $a1-281-40079-3 010 $a9786611400798 010 $a90-474-1118-8 024 7 $a10.1163/ej.9789004154292.i-606 035 $a(CKB)1000000000402290 035 $a(EBL)467708 035 $a(OCoLC)427510966 035 $a(SSID)ssj0000343119 035 $a(PQKBManifestationID)11947782 035 $a(PQKBTitleCode)TC0000343119 035 $a(PQKBWorkID)10288720 035 $a(PQKB)11354806 035 $a(MiAaPQ)EBC467708 035 $a(nllekb)BRILL9789047411185 035 $a(PPN)174389450 035 $a(Au-PeEL)EBL467708 035 $a(CaPaEBR)ebr10234907 035 $a(CaONFJC)MIL140079 035 $a(EXLCZ)991000000000402290 100 $a20060925d2007 uy 0 101 0 $aeng 135 $aur|n|---||||| 181 $ctxt 182 $cc 183 $acr 200 00$aSpain in Italy$b[electronic resource] $epolitics, society, and religion 1500-1700 /$fedited by Thomas James Dandelet, John A. Marino 210 $aLeiden ;$aBoston $cBrill$d2007 215 $a1 online resource (620 p.) 225 1 $aThe medieval and early modern Iberian world,$x1569-1934 ;$vv. 32 300 $aDescription based upon print version of record. 311 $a90-04-15429-9 320 $aIncludes bibliographical references and index. 327 $tPreliminary material /$rT.J. Dandelet and J.A. Marino --$tIntroduction /$rThomas James Dandelet and John A. Marino --$tChapter One. Integration and conflict in spanish Sicily /$rFrancesco Benigno --$tChapter Two. The kingdom of Sardinia: A province in balance between Catalonia, Castile,and Italy /$rFrancesco Manconi --$tChapter Three. The kingdom of Naples in the spanish imperial system /$rAurelio Musi --$tChapter Four. The state of Milan and the spanish monarchy /$rAntonio Álvarez-Ossorio Alvariño --$tChapter Five. Naples and Florence in Charles V?s Italy:Family, court, and government in the Toledo-Medici alliance /$rCarlos José Hernando Sánchez --$tChapter Nine. Noble presence and stratification in the territories of spanish Italy /$rGiovanni Muto --$tChapter Ten. The profession of arms and the nobility in spanish Italy: Some considerations /$rClaudio Donati --$tChapter Eleven. Evolving the history of women in early modern Italy: Subordination and agency /$rElizabeth S. Cohen --$tChapter Twelve. Government/administration: The italian kingdoms within the spanish monarchy /$rMireille Peytavin --$tChapter Thirteen. A declining economy: Central and northern Italy in the sixteenth and seventeenth centuries /$rPaolo Malanima --$tChapter Fourteen. The rural world in Italy under spanish rule /$rJohn A. Marino --$tChapter Fifteen. Exchanges between Italy and Spain: Culture and religion /$rJames S. Amelang --$tChapter Sixteen. Reform of the church and heresy in the age of Charles V: Reflections of Spain in Italy /$rMassimo Firpo --$tChapter Seventeen. Male religious orders in sixteenth-century Italy /$rFlavio Rurale --$tChapter Eighteen. The crown and the church in spanish Italy in the reigns of Philip II and Philip III /$rAgostino Borromeo --$tChapter Nineteen. The politics of counter-reformation iconography and a quest for the Spanishnessof neapolitan art /$rSebastian Schütze --$tIllustrations /$rT.J. Dandelet and J.A. Marino --$tIndex of proper names /$rT.J. Dandelet and J.A. Marino. 330 $aNuanced understanding of the reciprocal nature of Spanish-Italian relations and the rich cultural production that was the product of the far-reaching exchanges between the two peninsulas throughout the early modern period guides the nineteen essays in this volume. The key political reality of sixteenth and seventeenth-century Spanish imperial domination in Italy?formal (Sicily, Sardinia, Naples, Milan), informal (Rome, Genoa, Tuscany), and more neutral or independent (Venice)?introduces the investigation in this volume into the methods and mechanisms of control and collaboration, cooperation and cooptation, assimilation and resistance. The connections between topics and problems in social, administrative, economic, and cultural history follow from political theory and practice. Politics, society, economy, and religion help us see both Spain and Italy more clearly. 410 0$aMedieval and early modern Iberian world ;$vv. 32. 607 $aItaly$xHistory$y16th century 607 $aItaly$xHistory$y17th century 607 $aItaly$xSocial conditions$y16th century 607 $aItaly$xSocial conditions$y17th century 607 $aItaly$xRelations$zSpain 607 $aSpain$xRelations$zItaly 607 $aItaly$xCivilization$xSpanish influences 608 $aElectronic books. 676 $a945/.07 701 $aDandelet$b Thomas James$f1960-$0286548 701 $aMarino$b John A$0134885 712 02$aAmerican Academy in Rome. 801 0$bMiAaPQ 801 1$bMiAaPQ 801 2$bMiAaPQ 906 $aBOOK 912 $a9910458598803321 996 $aSpain in Italy$92203544 997 $aUNINA LEADER 02139nas 2200649-a 450 001 9910763965103321 005 20250927110038.0 035 $a(CKB)954927720460 035 $a(CONSER)---91642218- 035 $a(DE-599)ZDB2274576-2 035 $a(DE-599)2274576-2 035 $a(EXLCZ)99954927720460 100 $a19910221b19911993 --- a 101 0 $aeng 181 $ctxt$2rdacontent 182 $cc$2rdamedia 183 $acr$2rdacarrier 200 00$aJournal of ET nursing $eofficial publication, International Association for Enterostomal Therapy 210 $aSt. Louis, MO, U.S.A. $cMosby-Year Book$d©1991-©1993 215 $a1 online resource 300 $aTitle from cover. 300 $aRefereed/Peer-reviewed 311 08$aPrint version: Journal of ET nursing : 1055-3045 (DLC) 91642218 (OCoLC)23132987 517 3 $aJournal of enterostomal therapy nursing 531 $aJ ET NURS 531 0 $aJ. ET nurs. 606 $aEnterostomy$vPeriodicals 606 $aOstomates$xRehabilitation$vPeriodicals 606 $aIntestines$xDiseases 606 $aEnterostomy$xnursing 606 $aIntestinal Diseases 606 $aIntestins$xMaladies 606 $aEntérostomie$vPériodiques 606 $aIntestines$xDiseases$2fast$3(OCoLC)fst00977675 606 $aEnterostomy$2fast$3(OCoLC)fst00912624 606 $aOstomates$xRehabilitation$2fast$3(OCoLC)fst01048850 606 $aVerpleegkunde$2gtt 608 $aPeriodical. 608 $aPeriodicals.$2fast 615 0$aEnterostomy 615 0$aOstomates$xRehabilitation 615 0$aIntestines$xDiseases. 615 2$aEnterostomy$xnursing. 615 2$aIntestinal Diseases. 615 6$aIntestins$xMaladies. 615 6$aEntérostomie 615 7$aIntestines$xDiseases. 615 7$aEnterostomy. 615 7$aOstomates$xRehabilitation. 615 17$aVerpleegkunde. 676 $a617/.554 712 02$aInternational Association for Enterostomal Therapy. 906 $aJOURNAL 912 $a9910763965103321 920 $aexl_impl conversion 996 $aJournal of ET nursing$93645050 997 $aUNINA